De la Chine / (Record no. 105614)

MARC details
000 -LEADER
campo de control de longitud fija 00721nam a2200241 i 4500
001 - NÚMERO DE CONTROL
campo de control 105614
003 - IDENTIFICADOR DE NÚMERO DE CONTROL
campo de control ES-MaACL
005 - FECHA Y HORA DE LA ÚLTIMA TRANSACCIÓN
campo de control 20230906183932.0
007 - CAMPO FIJO DE DESCRIPCIÓN FÍSICA--INFORMACIÓN GENERAL
campo de control de longitud fija t|
008 - DATOS DE LONGITUD FIJA--INFORMACIÓN GENERAL
campo de control de longitud fija 060727s1971 fr ||||1| fre d
080 ## - NÚMERO DE LA CLASIFICACIÓN DECIMAL UNIVERSAL
Número de la Clasificación Decimal Universal 32(510)
100 1# - ENTRADA PRINCIPAL--NOMBRE DE PERSONA
Nombre de persona Macciocchi, Maria Antonietta.
9 (RLIN) 75084
245 10 - MENCIÓN DEL TÍTULO
Título De la Chine /
Mención de responsabilidad, etc. M - Antonietta Macciocchi ; traduit de l'italien par Louis Bonalumi ... [et al.].
260 ## - PUBLICACIÓN, DISTRIBUCIÓN, ETC.
Lugar de publicación, distribución, etc. Paris :
Nombre del editor, distribuidor, etc. Seuil,
Fecha de publicación, distribución, etc. [1971]
300 ## - DESCRIPCIÓN FÍSICA
Extensión 569 p. ;
Dimensiones 21 cm.
490 1# - MENCIÓN DE SERIE
Mención de serie Combats
500 ## - NOTA GENERAL
Nota general Biblioteca Juan Andrade.
651 #4 - PUNTO DE ACCESO ADICIONAL DE MATERIA--NOMBRE GEOGRÁFICO
Nombre geográfico China-
Subdivisión general Política y gobierno.
9 (RLIN) 8056
700 1# - ENTRADA AGREGADA--NOMBRE PERSONAL
Nombre de persona Bonalumi, Louis.
9 (RLIN) 30068
830 0# - PUNTO DE ACCESO ADICIONAL DE SERIE-TÍTULO UNIFORME
Título uniforme Combats
9 (RLIN) 185064
852 ## - LOCALIZACIÓN
Ubicación ES-MaACL
Número de control de estantería AND-423
Sublocalización o colección R.109727
Holdings
Estatus retirado Estado de pérdida Estado de daño No para préstamo Biblioteca de origen Biblioteca actual Ubicación en estantería Fecha de adquisición Fuente de adquisición Total de préstamos Signatura topográfica completa Código de barras Visto por última vez Precio de reemplazo Tipo de ítem Koha
        Biblioteca del Ateneo de Madrid Biblioteca del Ateneo de Madrid Depósito 2 17/01/2008     AND-423 1110265 23/02/2023 23/02/2023 Libro impreso